1769 1980 1028 1665 1700 1385 1063 1462 1397 1988 1671 1556 1077 1247 1317 1941 1483 1841 1262 1371 1942 1122 1257 1836 1194 1047 1218 1607 1952 1628 1556 1354 1489 1550 1701 1712 1677 1648 1418 1588 1306 1478 1240 1820 1940 1460 1015 1534 1009 1255 1005 1352 1801 1617 1483 1832 1841 1314 1395 1273 1581 1830 1547 1101 1448 1266 1322 1135 1618 1341 1957 1891 1482 1879 1339 1212 1885 1517 1406 1989 1975 1307 1874 1420 1194 1593 1934 1949 1689 1293 1981 1948 1547 1297 1082 1807 1540 1354 1556 BCNSPRNW ULIB Ver.6.0+V

เปลี่ยนเป็นภาษาไทย

Change to English
 แสดงรายละเอียดบรรณานุกรม
  กลับหน้าหลัก

Brief Record : Get Marc (ISO 2709) : E-mail record : QR code < ปิดหน้าต่าง
LEADER : 00000nam 2200000uu 4500
001    13399123695
003     ULIB
008    141107s2542||||th 000 0 tha d
099    รส.^bป691ห
100 0  ปิยะพันธุ์ พันธุ์เพ็ง
245 00 หมอหมา/^cปิยะพันธุ์ พันธุ์เพ็ง
260    ^c2542
945    ^p0^l0^i014184
999    ^aเกษร โพธิ์สุวรรณ
รายการนี้ยังไม่มีแท็ก
คุณยังไม่ได้ล็อกอิน คุณสามารถมีกิจกรรมร่วมกับเว็บไซต์ได้ แต่ต้องล็อกอินก่อน ::
  ล็อกอิน

รายการสื่อสารสนเทศ

ลำดับที่ ประเภท เลขเรียก/บาร์โค้ด สถานที่ สถานะ
1. นวนิยาย
นวนิยาย
รส. ป691ห ฉ.1 
  Barcode: 014184
ห้องสมุดวิทยาเขตนครสวรรค์
►นวนิยาย:l:Fiction
บนชั้น

BibComment


ยังไม่เคยถูกคอมเมนท์

คอมเมนท์ทรัพยากรรายการนี้
  คอมเมนท์: หมอหมา ปิยะพันธุ์..


 Copyright 2026. Bcnsprnw @Library